| 000 | 00394nam a22001697a 4500 | ||
|---|---|---|---|
| 003 | OSt | ||
| 008 | 240404b |||||||| |||| 00| 0 eng d | ||
| 020 | _a9788122479317 | ||
| 082 | _a615.19 KAM | ||
| 100 | _aKAR, ASHUTOSH | ||
| 245 | _aMEDICINAL CHEMISTRY | ||
| 250 | _a8th | ||
| 260 |
_aNew Delhi _bNew Age _c2023 |
||
| 300 | _axl,966 | ||
| 650 | _aMEDICINAL CHEMISTRY-I | ||
| 942 |
_2ddc _cBK |
||
| 999 |
_c12397 _d12397 |
||